| 000 | 00565nam a2200193Ia 4500 | ||
|---|---|---|---|
| 005 | 20260429112151.0 | ||
| 008 | 260429s9999||||xx |||||||||||||| ||und|| | ||
| 020 | _a9789349830943 | ||
| 041 | _aEnglish | ||
| 082 |
_a001.42 _bYAD |
||
| 100 | _aYadav, Santosh Kumar | ||
| 245 | 0 |
_aPerspectives of research methodology and thesis writing / _cSantosh Kumar Yadav |
|
| 250 | _a1st ed. | ||
| 260 |
_aNew Delhi : _bAne Publishers and Distributors LLP, _c2026. |
||
| 300 | _a374 p.; hb | ||
| 650 | _a Thesis writing | ||
| 650 | _aResearch methodology | ||
| 942 | _cTB | ||
| 999 |
_c52693 _d52693 |
||